Nghiên cứu giải pháp quản lý tổng hợp chất thải rắn cho huyện Vĩnh Hưng tỉnh Long An : Luận văn Thạc sĩ - Chuyên ngành : Quản lý Tài nguyên và Môi trường

Đã lưu trong:
Bibliografiske detaljer
Hovedforfatter: Cao, Trúc Nguyên
Format: Luận văn
Sprog:Undetermined
Udgivet: TrườngĐại học Công Nghiệp TP. Hồ Chí Minh 2022
Fag:
Online adgang:https://opac.iuh.edu.vn/TraCuuTaiLieuSo2XemChiTiet.aspx?Id=118080
Tags: Tilføj Tag
Ingen Tags, Vær først til at tagge denne postø!
Thư viện lưu trữ: Trung tâm Thư viện - Trường Đại học Công nghiệp TP. Hồ Chí Minh
LEADER 00813nam a2200169Ia 4500
001 UIH_02281
008 230809s9999 xx 000 0 und d
082 |a 628 
100 |a Cao, Trúc Nguyên 
245 0 |a Nghiên cứu giải pháp quản lý tổng hợp chất thải rắn cho huyện Vĩnh Hưng tỉnh Long An : Luận văn Thạc sĩ - Chuyên ngành : Quản lý Tài nguyên và Môi trường 
245 0 |c Cao, Trúc Nguyên 
260 |b TrườngĐại học Công Nghiệp TP. Hồ Chí Minh 
260 |c 2022 
650 |a Quản lý môi trường; 
856 |u https://opac.iuh.edu.vn/TraCuuTaiLieuSo2XemChiTiet.aspx?Id=118080 
927 |a Luận văn 
980 |a Trung tâm Thư viện - Trường Đại học Công nghiệp TP. Hồ Chí Minh